000 01085cam a2200169 4500500
005 20260329024809.0
041 _afre
042 _adc
100 1 0 _aCottereau, Dominique
_eauthor
700 1 0 _aPineau, Gaston
_eauthor
700 1 0 _aMoneyron, Anne
_eauthor
700 1 0 _aBachelart, Dominique
_eauthor
245 0 0 _aHabiter la terre : Ecoformation terrestre pour une conscience planétaire
260 _bL'Harmattan,
_c2005.
520 _aHabiter la terre ! Opération individuelle et collective effectuée par l’humanité depuis des millénaires. Notre génération découvre qu’elle peut la laisser inhabitable pour les générations futures. Apprendre à habiter la terre ressort comme l’objectif unificateur d’une écoformation terrestre, à la portée de chacun et à la grandeur du monde. Ce livre s’inscrit dans l’émergence mondiale d’un mouvement d’écopédagogie planétaire provoquée par la crise généralisée de l’habiter.
856 4 1 _uhttps://shs.cairn.info/habiter-la-terre--9782747582421?lang=fr&redirect-ssocas=7080
999 _c1936245
_d1936245